000 00747nam a2200253Ia 4500
003 OSt
005 20220928104720.0
006 a|||||r|||| 00| 0
007 ta
008 220927b |||||||| |||| 00| 0 eng d
020 _a9780691155258
_cUSD 22.95
024 _a146487
037 _b29, 10/12/2021, Classic Book Service
_cTextual
040 _aSDCL
_cSDCL
_beng
041 _2eng
_aeng
082 _aV1:19, Q6
100 _aConrad Sebastian
_9411679
245 0 _aWhat is global history?
260 _aNew Jersey
_bPrinceton University Press
_c2016
300 _a299p.
_ccm.
650 _aHistory
942 _hV1:19, Q6
_cTEXL
_2CC
999 _c727381
_d727381